MARC

LEADER 00000nas a2200000 a 4500
001 ssj0006108
003 WaSeSS
005 20200512172242.0
006 m d
007 cr n
008 030527c19729999nyufr p s g s0 a0eng
010 |a  2009236950 
022 |a 2330-0906  |y 0093-0709 
035 |a (WaSeSS)ssj0006108 
037 |b Syracuse University, McNaughton Hall, Suite 410, Syracuse, NY 13244 
040 |a TXU  |b eng  |c TXU  |d OCLCQ  |d TKF  |d MUQ  |d UV0  |d Z5A  |d RCJ  |d TXJ  |d NOC  |d OCLCQ  |d DLC  |d OCLCF  |d OCLCO  |d OCLCQ  |d AU@  |d WaSeSS 
042 |a pcc  |a nsdp 
050 1 4 |a K23  |b .Y69 
082 0 0 |a 341  |2 23 
082 0 4 |a 341/.05 
130 0 |a Syracuse journal of international law and commerce (Online) 
222 0 |a Syracuse journal of international law and commerce  |b (Online) 
245 1 0 |a Syracuse journal of international law and commerce  |h [electronic resource]. 
260 |a Syracuse, N.Y. :  |b Syracuse University College of Law,  |c 1972- 
310 |a Semiannual 
362 0 |a Vol. 1, no. 1 (Oct. 1972)- 
500 |a "An organ of expression for students with an interest in international legal and commercial studies." 
500 |a Title from table of contents page (Hein Online, viewed Dec. 9, 2004). 
506 |a License restrictions may limit access. 
588 |a Latest issue consulted: Volume 40, no. 1 (fall 2012) (heinonline.org website, viewed July 17, 2013). 
650 0 |a International law  |v Periodicals. 
650 0 |a International economic relations  |v Periodicals. 
650 6 |a Droit international  |v Périodiques. 
650 6 |a Relations économiques internationales  |v Périodiques. 
650 7 |a International economic relations.  |2 fast  |0 (OCoLC)fst00976891 
650 7 |a International law.  |2 fast  |0 (OCoLC)fst00976984 
650 1 7 |a Internationaal handelsrecht.  |2 gtt 
650 1 7 |a LAW.  |2 unbist 
650 1 7 |a UNITED STATES.  |2 unbist 
655 0 |a Electronic journals. 
710 2 |a Syracuse University.  |b College of Law. 
776 0 8 |i Print version:  |t Syracuse journal of international law and commerce  |x 0093-0709  |w (DLC) 73644818  |w (OCoLC)1787641 
856 4 0 |z Full text available from Research Library: 01/01/1987 to 12/31/1993  |u https://search.proquest.com/publication/36347 
856 4 0 |z Full text available from Research Library: 01/01/1995 to 12/31/1995  |u https://search.proquest.com/publication/36347 
856 4 0 |z Full text available from Research Library: 01/01/1997 to 10/31/2015  |u https://search.proquest.com/publication/36347